[Event "Campeonato Pan-Americano Sub-20 Absoluto"]
[Site "CXSP, São Paulo"]
[Date "2012.07.02"]
[Round "6.1"]
[White "Gemy, Jose Daniel"]
[Black "Henriquez Villagra, Cristobal"]
[Result "1-0"]
[WhiteElo "2345"]
[BlackElo "2324"]
[PlyCount "115"]
[EventDate "2012.06.29"]

1. d4 Nf6 2. c4 c5 3. d5 b5 4. Qc2 bxc4 5. Nc3 d6 6. e4 g6 7. Nf3 Bg7 8. Nd2
O-O 9. Nxc4 a5 10. Be2 Ba6 11. O-O Nbd7 12. a4 Bxc4 13. Bxc4 Nb6 14. Bb5 Rb8
15. Rd1 Ne8 16. Bd2 Nc7 17. Bc6 Nc4 18. Bc1 Nb6 19. Rb1 Na6 20. Na2 Nd7 21. Bb5
Nc7 22. Be2 Rb7 23. Bd2 Qa8 24. Nc3 Na6 25. Nb5 Nb4 26. Qb3 Nb8 27. h4 N8a6 28.
Qh3 Nc7 29. Bc3 Nxb5 30. Bxb5 Rc7 31. h5 Qc8 32. g4 c4 33. Qg3 Nd3 34. Bxa5 Be5
35. Qf3 Nxb2 36. Rdc1 c3 37. Bxc7 Qxc7 38. Rxb2 cxb2 39. Rxc7 b1=Q+ 40. Kg2
gxh5 41. Rxe7 hxg4 42. Qxg4+ Kh8 43. Re8 Rxe8 44. Bxe8 Qb7 45. a5 Bd4 46. Qf4
Qc8 47. Bxf7 Qf8 48. Qf5 Kg7 49. Be6 Qxf5 50. Bxf5 h6 51. f4 Kf6 52. Kg3 Ke7
53. Bg4 Kf6 54. Kh4 Kg6 55. Bf5+ Kf6 56. Kh5 Bc5 57. a6 Be3 58. Bc8 1-0

[Event "Campeonato Pan-Americano Sub-20 Absoluto"]
[Site "CXSP, São Paulo"]
[Date "2012.07.02"]
[Round "6.3"]
[White "Martinez Alcantara, Jose Eduard"]
[Black "Principe, Alexander"]
[Result "1/2-1/2"]
[WhiteElo "2135"]
[BlackElo "2141"]
[PlyCount "51"]
[EventDate "2012.06.29"]

1. e4 e6 2. d4 d5 3. Nc3 Nf6 4. Bg5 Bb4 5. e5 h6 6. Bd2 Bxc3 7. bxc3 Ne4 8. Qg4
Kf8 9. Nf3 c5 10. Bd3 Nxd2 11. Kxd2 Nc6 12. dxc5 Qa5 13. Qf4 Qxc5 14. Nd4 Bd7
15. Rhb1 b6 16. Bb5 Nxd4 17. cxd4 Qc7 18. Bxd7 Qxd7 19. a4 Rc8 20. c3 Rc4 21.
a5 b5 22. a6 Ke7 23. Qg3 Rhc8 24. Qxg7 Rxc3 25. Qf6+ Ke8 26. Qh8+ 1/2-1/2

[Event "Campeonato Pan-Americano Sub-20 Absoluto"]
[Site "CXSP, São Paulo"]
[Date "2012.07.02"]
[Round "6.5"]
[White "Zavarce, Oscar Enrique"]
[Black "Gaitan, Juan Manuel"]
[Result "1-0"]
[WhiteElo "2192"]
[BlackElo "2271"]
[PlyCount "49"]
[EventDate "2012.06.29"]

1. e4 e6 2. d4 d5 3. Nc3 Bb4 4. e5 c5 5. a3 Bxc3+ 6. bxc3 Qc7 7. Qg4 f5 8. Qg3
Nc6 9. Be3 cxd4 10. cxd4 Nh6 11. Bd3 Ng4 12. Ne2 Nxe3 13. Qxe3 Bd7 14. O-O O-O
15. h4 Be8 16. Nf4 Bf7 17. c4 dxc4 18. Bxc4 Qe7 19. Rad1 Rac8 20. Ba2 Rfe8 21.
d5 g5 22. dxe6 Bg6 23. Nxg6 hxg6 24. Rd7 f4 25. Qe4 1-0

[Event "Campeonato Pan-Americano Sub-20 Absoluto"]
[Site "CXSP, São Paulo"]
[Date "2012.07.02"]
[Round "6.6"]
[White "Leiva, Giuseppe"]
[Black "Finol Berrueta, David Emmanuel"]
[Result "1/2-1/2"]
[WhiteElo "2232"]
[BlackElo "2210"]
[PlyCount "58"]
[EventDate "2012.06.29"]

1. d4 Nf6 2. Nf3 g6 3. c4 Bg7 4. g3 O-O 5. Bg2 d6 6. Nc3 Nc6 7. O-O Rb8 8. Qc2
Bf5 9. e4 Bg4 10. Be3 Nd7 11. Rad1 a6 12. Ne2 e5 13. d5 Ne7 14. Ne1 Bxe2 15.
Qxe2 f5 16. f3 a5 17. Nd3 b6 18. b3 Nc5 19. Rb1 Nxd3 20. Qxd3 Qd7 21. a3 Kh8
22. b4 axb4 23. axb4 c5 24. Rb2 fxe4 25. fxe4 Rxf1+ 26. Qxf1 Rf8 27. Qe2 Ng8
28. h3 Bh6 29. Bf2 Qa4 {(Ilegível)} 1/2-1/2

[Event "Campeonato Pan-Americano Sub-20 Absoluto"]
[Site "CXSP, São Paulo"]
[Date "2012.07.02"]
[Round "6.7"]
[White "Espinoza Palomino, Willyam"]
[Black "Proudian, Armen"]
[Result "1-0"]
[WhiteElo "2327"]
[BlackElo "2147"]
[PlyCount "115"]
[EventDate "2012.06.29"]

1. e4 e5 2. Nf3 Nc6 3. Bb5 a6 4. Ba4 Nge7 5. O-O g6 6. c3 Bg7 7. d4 exd4 8.
cxd4 b5 9. Bb3 O-O 10. h3 d6 11. Nc3 Na5 12. Bc2 c5 13. Ne2 Bb7 14. b3 cxd4 15.
Nexd4 d5 16. e5 Nac6 17. Re1 Nxd4 18. Nxd4 Nc6 19. Nxc6 Bxc6 20. Bb2 Rc8 21.
Qd2 Re8 22. Bd4 Bb7 23. Bd3 Qh4 24. f4 Bh6 25. Rf1 g5 26. Bf5 gxf4 27. Bxc8
Bxc8 28. Rf3 Bf5 29. Raf1 Be4 30. Rxf4 Bxf4 31. Rxf4 Qe7 32. Rf6 Bg6 33. h4 Qf8
34. Qg5 Qb4 35. Rf4 h5 36. e6 Rxe6 37. Qh6 Re5 38. Bxe5 Qe1+ 39. Rf1 Qxe5 40.
Qf4 Qe6 41. Rc1 Kh7 42. Kh2 Qd7 43. Qd4 Qe6 44. Rc3 Qd6+ 45. Kg1 Bf5 46. Rf3
Bg6 47. b4 Qc6 48. Rc3 Qe6 49. Re3 Be4 50. Rg3 Bg6 51. Rg5 f6 52. Rxd5 Qe1+ 53.
Kh2 Be4 54. Rxh5+ Kg6 55. Rh8 Kg7 56. Qd8 Bh7 57. Qf8+ Kg6 58. Qe8+ 1-0

[Event "Campeonato Pan-Americano Sub-20 Absoluto"]
[Site "CXSP, São Paulo"]
[Date "2012.07.02"]
[Round "6.8"]
[White "Quintiliano Pinto, Renato R"]
[Black "Mandetta, Joao Danilo"]
[Result "1/2-1/2"]
[WhiteElo "2272"]
[BlackElo "2132"]
[PlyCount "185"]
[EventDate "2012.06.29"]

1. c4 c5 2. g3 Nf6 3. Bg2 e6 4. Nf3 Be7 5. O-O O-O 6. d4 cxd4 7. Nxd4 a6 8. Nc3
Qc7 9. Qd3 Nc6 10. b3 d6 11. Bb2 Bd7 12. Rac1 Nxd4 13. Qxd4 Rac8 14. Rfd1 Rfd8
15. a4 b6 16. Ba3 Be8 17. Qe3 Qb8 18. Bb4 Nd7 19. Ne4 Nc5 20. Nxc5 bxc5 21. Ba5
Rd7 22. Rb1 Qa7 23. b4 cxb4 24. Bb6 Qb8 25. Rxb4 d5 26. Bc5 Rb7 27. Bxe7 Rxb4
28. Bxb4 Qxb4 29. cxd5 Bxa4 30. Ra1 Qb3 31. Qxb3 Bxb3 32. dxe6 Bxe6 33. Bb7 Rc2
34. Bxa6 g6 35. Bd3 Rc3 36. f3 Kg7 37. Ra7 h5 38. Kg2 Rc5 39. Ra3 Rc1 40. Ra4
Rc3 41. Kf2 Kf6 42. Ke3 Rc1 43. h4 Rc5 44. Rf4+ Kg7 45. Rd4 Rc1 46. Kf4 Kf6 47.
Rd8 Ke7 48. Rg8 Kf6 49. e4 Rc5 50. g4 hxg4 51. fxg4 Rc3 52. Be2 Rh3 53. e5+ Ke7
54. Rh8 g5+ 55. Kxg5 Re3 56. Bd1 Rxe5+ 57. Kf4 Rd5 58. Bf3 Rd4+ 59. Ke3 Ra4 60.
g5 Ra3+ 61. Kf4 Ra4+ 62. Kg3 Ra3 63. Rh6 Kf8 64. Rf6 Ra5 65. Be4 Ra3+ 66. Kf4
Ra4 67. Ke3 Ra3+ 68. Bd3 Bc4 69. Rd6 Bxd3 70. Rxd3 Ra1 71. Rd4 Kg7 72. Rf4 Ra3+
73. Kf2 Ra2+ 74. Kg3 Ra1 75. h5 Rg1+ 76. Kh4 Rg2 77. h6+ Kg8 78. Rf1 Rh2+ 79.
Kg4 Rg2+ 80. Kh5 Rh2+ 81. Kg4 Rg2+ 82. Kf5 Ra2 83. Rf4 Ra5+ 84. Kg4 Ra1 85. Rf3
Rg1+ 86. Kf5 Ra1 87. Re3 Rf1+ 88. Ke5 Rg1 89. Kf6 Rf1+ 90. Ke7 Rf5 91. Rg3 Rf1
92. Rb3 Rf5 93. Rg3 1/2-1/2

[Event "Campeonato Pan-Americano Sub-20 Absoluto"]
[Site "CXSP, São Paulo"]
[Date "2012.07.02"]
[Round "6.9"]
[White "Cuellar, Diego"]
[Black "Caetano, Hugo Zanotti Mendonc"]
[Result "1-0"]
[WhiteElo "2269"]
[BlackElo "2047"]
[PlyCount "67"]
[EventDate "2012.06.29"]

1. e4 Nf6 2. e5 Nd5 3. d4 d6 4. c4 Nb6 5. exd6 cxd6 6. d5 N8d7 7. Nc3 g6 8. Be3
Bg7 9. Qd2 Ne5 10. b3 Bf5 11. Be2 Nbd7 12. f4 Ng4 13. Bd4 Ngf6 14. g4 Ne4 15.
Qe3 e5 16. dxe6 Qh4+ 17. Kf1 Bxd4 18. Qxd4 Ndc5 19. Qxh8+ Ke7 20. Qd4 Nxc3 21.
Qxc3 Be4 22. Bf3 Bd3+ 23. Kg2 h5 24. h3 g5 25. Qe1 hxg4 26. hxg4 Qxe1 27. Rxe1
gxf4 28. exf7+ Kxf7 29. Bd5+ Kf6 30. Nf3 a5 31. g5+ Kg6 32. Rh6+ Kf5 33. Rf6+
Kg4 34. Rh1 1-0

[Event "Campeonato Pan-Americano Sub-20 Absoluto"]
[Site "CXSP, São Paulo"]
[Date "2012.07.02"]
[Round "6.10"]
[White "Mamani, Joan Franco"]
[Black "Goncalves, Ivan Mesquita V"]
[Result "1/2-1/2"]
[WhiteElo "2157"]
[BlackElo "2100"]
[PlyCount "76"]
[EventDate "2012.06.29"]

1. e4 c5 2. Ne2 e6 3. g3 d5 4. Nbc3 d4 5. Nb1 e5 6. d3 Nc6 7. Bg2 Bd6 8. Nd2
Be6 9. O-O Qd7 10. f4 f6 11. Nf3 h6 12. f5 Bf7 13. Nh4 Nge7 14. Bd2 O-O-O 15.
a3 Kb8 16. Qb1 c4 17. Nc1 b6 18. dxc4 Bxc4 19. Nd3 Rc8 20. Rf3 Rc7 21. Bf1 Rhc8
22. Kh1 Nd8 23. Qe1 Ka8 24. Rc1 Nf7 25. Rf2 Bb5 26. c3 dxc3 27. Bxc3 Bxa3 28.
Rd2 Bd6 29. Ng6 Qe8 30. Nxe7 Bxe7 31. Bg2 Rd8 32. Nb4 Bxb4 33. Bxb4 Rxc1 34.
Qxc1 Rxd2 35. Qxd2 Kb7 36. h4 a5 37. Ba3 Bc6 38. Kg1 Kc7 1/2-1/2

[Event "Campeonato Pan-Americano Sub-20 Absolut"]
[Site "CXSP, São Paulo"]
[Date "2012.07.02"]
[Round "6.12"]
[White "Sztokbant, Bernardo Vainzoff"]
[Black "Olivares Olivares, Claudio"]
[Result "1/2-1/2"]
[WhiteElo "2093"]
[BlackElo "2251"]
[PlyCount "144"]
[EventDate "2012.06.29"]

1. e4 c5 2. Nf3 d6 3. d4 cxd4 4. Nxd4 Nf6 5. Nc3 a6 6. Be2 e5 7. Nb3 Be7 8. O-O
O-O 9. a4 Be6 10. Be3 Nbd7 11. f4 Qc7 12. f5 Bc4 13. a5 b5 14. axb6 Nxb6 15.
Kh1 Rfc8 16. Bxb6 Qxb6 17. Bxc4 Rxc4 18. Qd3 Rac8 19. h3 h5 20. Rfd1 h4 21. Nd2
R4c6 22. Ra2 Bd8 23. Nf1 Nh5 24. Nd5 Qf2 25. c3 Bb6 26. Nfe3 Bxe3 27. Qxe3 Ng3+
28. Kh2 Qxe3 29. Nxe3 Nxe4 30. Nd5 Kf8 31. Nb4 Rb6 32. Rxa6 Rxa6 33. Nxa6 Ke7
34. Nb4 Ra8 35. Nd5+ Kd8 36. Nb4 Kc7 37. Re1 Ng3 38. f6 gxf6 39. Nd5+ Kc6 40.
Nxf6 d5 41. Ng4 e4 42. Ne5+ Kc5 43. b4+ Kb5 44. Rd1 d4 45. cxd4 f6 46. Ng6 Kxb4
47. Nxh4 Rg8 48. d5 e3 49. d6 e2 50. Re1 f5 51. d7 f4 52. Ng6 Kc3 53. Nxf4 Kd2
54. Nxe2 Nxe2 55. Rf1 Ke3 56. Rf7 Nf4 57. g3 Nd5 58. g4 Ke4 59. g5 Ke5 60. g6
Nf6 61. h4 Nxd7 62. Rxd7 Rxg6 63. Rf7 Rf6 64. Rg7 Rh6 65. Kg3 Kf6 66. Rg5 Rh8
67. Kg4 Ra8 68. Rb5 Kg6 69. Rb6+ Kg7 70. Rb7+ Kh6 71. Rb6+ Kg7 72. Rb5 Kh6
1/2-1/2

[Event "Campeonato Pan-Americano Sub-20 Absoluto"]
[Site "CXSP, São Paulo"]
[Date "2012.07.02"]
[Round "6.13"]
[White "Araujo, Renan Aparecido"]
[Black "Devescovi Parreira, Pedro Paulo"]
[Result "0-1"]
[WhiteElo "1878"]
[BlackElo "2085"]
[PlyCount "68"]
[EventDate "2012.06.29"]

1. e4 c5 2. Nf3 Nc6 3. d4 cxd4 4. Nxd4 Nf6 5. Nc3 e5 6. Ndb5 d6 7. Nd5 Nxd5 8.
exd5 Nb8 9. c4 a6 10. Qa4 Bd7 11. Qa3 Bxb5 12. cxb5 a5 13. b4 Nd7 14. Bd2 a4
15. Be3 Be7 16. Be2 O-O 17. O-O f5 18. f3 Bg5 19. Bf2 Nb6 20. Bxb6 Qxb6+ 21.
Kh1 Be3 22. Rfe1 f4 23. Bf1 Rf6 24. g4 Qd8 25. Re2 Rf7 26. Qd3 Qg5 27. h4 Qd8
28. Kh2 Rc8 29. Qe4 Rfc7 30. g5 Rc1 31. Rxc1 Rxc1 32. Kg2 Qc8 33. g6 Rxf1 34.
gxh7+ Kh8 0-1

[Event "Campeonato Pan-Americano Sub-20 Absoluto"]
[Site "CXSP, São Paulo"]
[Date "2012.07.02"]
[Round "6.14"]
[White "Vasconcelos, Paulo Cesar Da S"]
[Black "De Almeida, Heitor"]
[Result "1-0"]
[WhiteElo "1842"]
[BlackElo "2033"]
[PlyCount "65"]
[EventDate "2012.06.29"]

1. d4 d5 2. c4 c6 3. Nc3 Nf6 4. h4 Bf5 5. e3 e6 6. cxd5 exd5 7. Be2 h5 8. Nf3
Bd6 9. Ng5 Qe7 10. Bd2 Ne4 11. Ncxe4 Bxe4 12. Bxh5 g6 13. Nxe4 dxe4 14. Bg4
Rxh4 15. Rxh4 Qxh4 16. Bh3 Na6 17. Qb3 Qe7 18. a3 Kf8 19. g3 c5 20. Bf1 cxd4
21. exd4 Nb8 22. Qe3 f6 23. Qh6+ Qg7 24. Qh3 Qd7 25. Qh8+ Ke7 26. Qg7+ Kd8 27.
Qxf6+ Be7 28. Qxg6 Nc6 29. Qg8+ Kc7 30. Qxa8 Nxd4 31. Rc1+ Kb6 32. Be3 Bc5 33.
Qf8 1-0

[Event "Campeonato Pan-Americano Sub-20 Absoluto"]
[Site "CXSP, São Paulo"]
[Date "2012.07.02"]
[Round "6.15"]
[White "Massarioli, Felipe Alvarenga"]
[Black "Takeda, Lucas Koji"]
[Result "1-0"]
[WhiteElo "2027"]
[BlackElo "1902"]
[PlyCount "101"]
[EventDate "2012.06.29"]

1. d4 d5 2. c4 e6 3. Nc3 Nf6 4. Nf3 Bb4 5. Qc2 O-O 6. e3 c6 7. Bd3 Nbd7 8. O-O
Qe7 9. cxd5 exd5 10. Ne2 Bd6 11. Ng3 g6 12. Re1 Bxg3 13. hxg3 Ne4 14. Bxe4 dxe4
15. Nd2 Re8 16. b3 Nb6 17. a4 Nd5 18. Ba3 Qe6 19. Nc4 f5 20. Ne5 Bd7 21. Rec1
Rac8 22. Qd2 b6 23. Nc4 Ra8 24. Qe2 h5 25. Ne5 Kg7 26. Rc4 b5 27. Rc5 b4 28.
Bb2 Rab8 29. Rac1 Rb6 30. a5 Rb7 31. Nxd7 Qxd7 32. Rxc6 Nc3 33. Bxc3 Qxc6 34.
d5+ Qxc3 35. Rxc3 bxc3 36. Qc4 Kh7 37. Qxc3 Rd8 38. Qc5 Rbd7 39. g4 hxg4 40.
Kh2 a6 41. Qc4 Rd6 42. Kg3 Kh6 43. Kf4 Rxd5 44. Qxa6 R8d6 45. Qc8 Rd8 46. Qc3
g5+ 47. Kg3 Kh5 48. Qf6 R8d6 49. Qf7+ Kh6 50. a6 Rd8 51. a7 1-0

[Event "Campeonato Pan-Americano Sub-20 Absoluto"]
[Site "CXSP, São Paulo"]
[Date "2012.07.02"]
[Round "6.16"]
[White "Chiari, Arthur Gontijo"]
[Black "De Carvalho, Igor Lorenzon"]
[Result "1-0"]
[WhiteElo "2008"]
[BlackElo "1867"]
[PlyCount "107"]
[EventDate "2012.06.29"]

1. e4 c6 2. d4 d5 3. Nd2 dxe4 4. Nxe4 Nf6 5. Nxf6+ gxf6 6. c3 Bf5 7. Nf3 e6 8.
g3 Nd7 9. Bg2 Bg7 10. Nh4 Bg6 11. a4 a5 12. Qe2 O-O 13. Nxg6 hxg6 14. h4 Re8
15. h5 gxh5 16. Qxh5 Nf8 17. Bh6 Ng6 18. Bxg7 Kxg7 19. Qh6+ Kg8 20. O-O-O f5
21. Bf3 Qf6 22. Bh5 Qg7 23. Bxg6 fxg6 24. Qg5 Kf7 25. g4 Rh8 26. Qf4 g5 27.
Qc7+ Kg6 28. Qd6 Kf7 29. Rde1 Rhe8 30. gxf5 exf5 31. Re5 Rxe5 32. dxe5 Re8 33.
Qd7+ Re7 34. Qxf5+ Ke8 35. e6 g4 36. Qxg4 Kd8 37. Qxg7 Rxg7 38. f4 Ke7 39. f5
Kf6 40. Re1 Re7 41. Rf1 Rh7 42. Kc2 Rh3 43. Re1 Rh8 44. e7 Re8 45. Kd3 Kxf5 46.
Kc4 b6 47. b4 axb4 48. cxb4 Kf6 49. a5 bxa5 50. bxa5 Kf7 51. a6 Ra8 52. e8=Q+
Rxe8 53. Rxe8 Kxe8 54. a7 1-0

[Event "Campeonato Pan-Americano Sub-20 Absoluto"]
[Site "CXSP, São Paulo"]
[Date "2012.07.02"]
[Round "6.17"]
[White "Vizzotto, Bernardo"]
[Black "Zarate, Fernandoh"]
[Result "1-0"]
[WhiteElo "2006"]
[BlackElo "1720"]
[PlyCount "83"]
[EventDate "2012.06.29"]

1. d4 Nf6 2. c4 g6 3. Nc3 d5 4. Bf4 Bg7 5. e3 O-O 6. Rc1 dxc4 7. Bxc4 c5 8. d5
Qa5 9. Nge2 Bd7 10. O-O b5 11. Bd3 c4 12. Bb1 Na6 13. d6 exd6 14. Qxd6 Rad8 15.
Bg5 Be6 16. Qf4 b4 17. Bxf6 Bxf6 18. Qxf6 bxc3 19. Nxc3 Rb8 20. Rfd1 Qb4 21.
Rd2 Nc5 22. Rcd1 Na4 23. Nxa4 Qxa4 24. h4 Qa5 25. Be4 Rb6 26. Qe7 Bg4 27. Rd8
Rxd8 28. Rxd8+ Kg7 29. Qf8+ Kf6 30. Qh8+ Ke7 31. Re8+ Kd7 32. Rd8+ Ke7 33. Qe8+
Kf6 34. Qh8+ Ke6 35. Bd5+ Kf5 36. e4+ Kf4 37. g3+ Kf3 38. e5+ Ke2 39. Bxc4+ Ke1
40. e6 fxe6 41. Qd4 Rxb2 42. Qe3+ 1-0

[Event "Campeonato Pan-Americano Sub-20 Absoluto"]
[Site "CXSP, São Paulo"]
[Date "2012.07.02"]
[Round "6.18"]
[White "Goncalves, Leonardo Yamamoto Po"]
[Black "Gotz, Klaus Seiji Furucho"]
[Result "1-0"]
[WhiteElo "1848"]
[BlackElo "1975"]
[PlyCount "47"]
[EventDate "2012.06.29"]

1. c3 Nf6 2. d3 g6 3. e4 d6 4. Nf3 Bg7 5. Be2 O-O 6. O-O c5 7. Re1 Nc6 8. Bf1
Rb8 9. b3 b5 10. d4 e5 11. d5 Ne7 12. a4 a6 13. axb5 axb5 14. Na3 Bd7 15. c4 b4
16. Nb5 Ne8 17. Bd3 Bxb5 18. cxb5 Nc7 19. Qe2 Qd7 20. Ra5 Rb7 21. Be3 Rfb8 22.
Rea1 Nxb5 23. Bxb5 Rxb5 24. Rxb5 1-0

[Event "Campeonato Pan-Americano Sub-20 Absoluto"]
[Site "CXSP, São Paulo"]
[Date "2012.07.02"]
[Round "6.21"]
[White "Garkauskas, Otto Dmitry"]
[Black "Japiassu, Ricardo De Villa Nov"]
[Result "0-1"]
[WhiteElo "2086"]
[BlackElo "1900"]
[PlyCount "66"]
[EventDate "2012.06.29"]

1. d4 e6 2. c4 f5 3. g3 Nf6 4. Bg2 c6 5. Nh3 d5 6. Qc2 Bd6 7. O-O O-O 8. Bf4
Be7 9. Nd2 a5 10. Bxb8 Rxb8 11. c5 b6 12. Qb3 Bd7 13. cxb6 Rxb6 14. Qc2 Qb8 15.
b3 Bd6 16. e3 Rc8 17. Rfc1 Ba3 18. Qd1 Bxc1 19. Rxc1 c5 20. dxc5 Rbc6 21. Nf4
Rxc5 22. Rb1 Rc2 23. Nc4 Rxa2 24. Bxd5 exd5 25. Nxd5 Rd8 26. Nxf6+ gxf6 27.
Qd5+ Kg7 28. Rd1 Qxb3 29. Qd6 Qxd1+ 30. Qxd1 Bc6 31. Qc1 Bf3 32. Nb2 Rxb2 33.
Qc7+ Kg6 0-1

[Event "Campeonato Pan-Americano Sub-20 Absoluto"]
[Site "CXSP, São Paulo"]
[Date "2012.07.02"]
[Round "6.22"]
[White "Amato De Vercosa Cha, Joao Pedr"]
[Black "Barros, Guilherme Wang De Fa"]
[Result "1/2-1/2"]
[WhiteElo "1851"]
[BlackElo "2036"]
[PlyCount "38"]
[EventDate "2012.06.29"]

1. e4 Nf6 2. d3 e5 3. Nf3 Nc6 4. g3 d5 5. Nbd2 Bc5 6. Bg2 O-O 7. O-O dxe4 8.
dxe4 Qe7 9. c3 h6 10. Qe2 a5 11. Nc4 b6 12. Rd1 Ba6 13. h3 Rad8 14. Rxd8 Rxd8
15. Bf1 Qe6 16. b3 Nh5 17. Kh2 Qg6 18. Nh4 Qf6 19. Nf5 Qg6 1/2-1/2

[Event "Campeonato Pan-Americano Sub-20 Absoluto"]
[Site "CXSP, São Paulo"]
[Date "2012.07.02"]
[Round "6.23"]
[White "Sergio Filho, Claudio Santos"]
[Black "Jonas, Tiago Filipe Da Silv"]
[Result "1-0"]
[WhiteElo "1920"]
[BlackElo "1848"]
[PlyCount "77"]
[EventDate "2012.06.29"]

1. e4 c5 2. Nc3 Nc6 3. f4 d6 4. g3 g6 5. Bg2 Bg7 6. d3 e6 7. Nf3 Nge7 8. O-O
O-O 9. Ne2 d5 10. e5 b5 11. g4 Qb6 12. Be3 Bd7 13. Ng3 Rfc8 14. h4 b4 15. h5
Na5 16. g5 Qc7 17. Nh2 Rab8 18. Ng4 d4 19. Bf2 Bc6 20. Nf6+ Bxf6 21. gxf6 Bxg2
22. Kxg2 Qb7+ 23. Ne4 Nf5 24. Qg4 c4 25. Rh1 cxd3 26. cxd3 Rc2 27. Kg1 Rbc8 28.
Rd1 Nc4 29. hxg6 fxg6 30. Ng5 Nce3 31. Bxe3 dxe3 32. f7+ Kf8 33. Nxe6+ Ke7 34.
Rxh7 Rg2+ 35. Qxg2 Qxg2+ 36. Kxg2 Kxe6 37. Rc1 e2 38. Rxc8 e1=Q 39. f8=N+ 1-0

[Event "Campeonato Pan-Americano Sub-20 Absoluto"]
[Site "CXSP, São Paulo"]
[Date "2012.07.02"]
[Round "6.24"]
[White "Nolasco, Vitor"]
[Black "Cajahuanca Ramirez, Olindo"]
[Result "1-0"]
[WhiteElo "1918"]
[BlackElo "1865"]
[PlyCount "33"]
[EventDate "2012.06.29"]

1. e4 e6 2. d4 d5 3. Nc3 Nf6 4. e5 Nfd7 5. Nf3 c5 6. dxc5 Nc6 7. Bf4 Bxc5 8.
Bd3 Qb6 9. O-O Qxb2 10. Nb5 Ke7 11. Bd2 d4 12. Qe2 a6 13. Rfb1 Qxb1+ 14. Rxb1
axb5 15. Bxb5 Ndb8 16. Ne1 Rxa2 17. Qg4 1-0

[Event "Campeonato Pan-Americano Sub-20 Absoluto"]
[Site "CXSP, São Paulo"]
[Date "2012.07.02"]
[Round "6.25"]
[White "Oliveira, Guilherme Martins G"]
[Black "Stone, Ronnie Frank Pires"]
[Result "1/2-1/2"]
[WhiteElo "1729"]
[BlackElo "1946"]
[PlyCount "53"]
[EventDate "2012.06.29"]

1. c4 Nf6 2. g3 g6 3. Bg2 Bg7 4. Nc3 d6 5. e4 e5 6. Nge2 O-O 7. O-O c6 8. d3 a5
9. a3 Nbd7 10. Rb1 Ne8 11. b4 f5 12. Qb3 Kh8 13. Be3 f4 14. gxf4 exf4 15. Nxf4
Ne5 16. d4 Ng4 17. h3 Nxe3 18. fxe3 Qh4 19. Qd1 axb4 20. axb4 Ra3 21. Qc1 Ra8
22. Qe1 Qh6 23. Qg3 Ra3 24. Rbc1 Rb3 25. Nd3 Rxf1+ 26. Kxf1 Bf6 27. Ke2 1/2-1/2

[Event "Campeonato Pan-Americano Sub-20 Absolut"]
[Site "CXSP, São Paulo"]
[Date "2012.07.02"]
[Round "6.26"]
[White "Awoki, Daniel Teidi"]
[Black "De Carvalho Machado, Fernando"]
[Result "1/2-1/2"]
[WhiteElo "1907"]
[BlackElo "1846"]
[PlyCount "139"]
[EventDate "2012.06.29"]

1. e4 c5 2. Nf3 Nc6 3. c3 d5 4. exd5 Qxd5 5. d4 cxd4 6. cxd4 e5 7. Nc3 Bb4 8.
a3 Bxc3+ 9. bxc3 Nge7 10. Be3 Bg4 11. Be2 e4 12. Nd2 Bxe2 13. Qxe2 f5 14. Rb1
O-O 15. g3 Rf7 16. O-O Ng6 17. f4 Qa5 18. Rb3 Rd8 19. Rfb1 Rdd7 20. Qc4 Nd8 21.
Qb5 Qxb5 22. Rxb5 a6 23. Rb6 Rc7 24. c4 Rfd7 25. d5 Nf7 26. Kf2 Kf8 27. a4 Ne7
28. a5 Nc8 29. R6b4 Ncd6 30. Bb6 Rc8 31. Bd4 h6 32. Ke3 Rdc7 33. Rc1 Nb5 34.
Bb6 Rd7 35. Nb3 Nbd6 36. Nc5 Re7 37. Ne6+ Kg8 38. Nd4 g6 39. h3 h5 40. c5 Ne8
41. Rcc4 Rd7 42. c6 bxc6 43. dxc6 Re7 44. Bc5 Nfd6 45. Rc2 Rec7 46. Rb6 Ra8 47.
Ne6 Re7 48. Nd4 Kf7 49. Ba3 Rc7 50. Ke2 Kf6 51. Ke3 Kf7 52. Rc1 Kf6 53. Ke2 Kf7
54. Bxd6 Nxd6 55. Rcb1 Kf6 56. Rb8 Rxb8 57. Rxb8 Nc8 58. Rb7 Re7 59. Rb6 Ra7
60. Rb7 Ra8 61. Ke3 Nd6 62. Rd7 Nb5 63. Nxb5 axb5 64. c7 Rc8 65. a6 Ke6 66. Rg7
Kf6 67. Rd7 Ke6 68. Rg7 Kf6 69. Rd7 Ke6 70. Rg7 1/2-1/2

[Event "Campeonato Pan-Americano Sub-20 Absoluto"]
[Site "CXSP, São Paulo"]
[Date "2012.07.02"]
[Round "7.1"]
[White "Santiago, Yago De Moura"]
[Black "Gemy, Jose Daniel"]
[Result "0-1"]
[WhiteElo "2347"]
[BlackElo "2345"]
[PlyCount "74"]
[EventDate "2012.06.29"]

1. e4 e6 2. d4 d5 3. Nc3 dxe4 4. Nxe4 Bd7 5. Nf3 Bc6 6. Bd3 Nd7 7. Qe2 Be7 8.
Bd2 Ngf6 9. O-O-O Nxe4 10. Bxe4 Bxe4 11. Qxe4 c6 12. Ne5 Nxe5 13. dxe5 Qd5 14.
Qxd5 cxd5 15. Kb1 f6 16. Bc3 f5 17. h4 Rc8 18. Bd4 a6 19. h5 Kf7 20. f4 g6 21.
g4 fxg4 22. Rdg1 gxh5 23. f5 exf5 24. e6+ Kg6 25. Bxh8 Rxh8 26. Re1 Re8 27. c4
d4 28. Kc2 h4 29. Kd3 h3 30. b4 Kg5 31. c5 Kh4 32. Rhf1 Kg5 33. Rh1 h5 34. a4
h4 35. Kc4 g3 36. b5 axb5+ 37. axb5 Rc8 0-1

[Event "Campeonato Pan-Americano Sub-20 Absoluto"]
[Site "CXSP, São Paulo"]
[Date "2012.07.02"]
[Round "7.2"]
[White "Henriquez Villagra, Cristobal"]
[Black "Barbosa, Evandro Amorim"]
[Result "0-1"]
[WhiteElo "2324"]
[BlackElo "2401"]
[PlyCount "98"]
[EventDate "2012.06.29"]

1. e4 c5 2. Nf3 e6 3. d4 cxd4 4. Nxd4 Nc6 5. Nxc6 bxc6 6. Bd3 Nf6 7. O-O d5 8.
Nd2 Be7 9. c4 O-O 10. Qc2 e5 11. b3 Be6 12. Bb2 d4 13. a3 a5 14. Nf3 Nd7 15.
Bc1 Bg4 16. Ne1 Bg5 17. h3 Be6 18. Nf3 Bxc1 19. Rfxc1 c5 20. Qd2 Qe7 21. Rab1
Rfb8 22. Re1 Ra6 23. a4 Qf6 24. Kh2 Nf8 25. Bc2 Ng6 26. Qg5 Qxg5 27. Nxg5 f6
28. Nf3 Nf4 29. Nd2 g5 30. Rf1 Rab6 31. Rbe1 h5 32. Rh1 h4 33. f3 Rd8 34. Kg1
Bd7 35. Ra1 Bc6 36. Kf2 Rb4 37. Ra2 Rdb8 38. Rc1 Kg7 39. Kf1 Kg6 40. Nb1 Bxa4
41. Nd2 Bxb3 42. Bxb3 Rxb3 43. Nxb3 Rxb3 44. Rxa5 Rb2 45. Rca1 Nxg2 46. Rxc5
Ne3+ 47. Kg1 d3 48. Rd5 d2 49. Rf1 Rc2 0-1

[Event "Campeonato Pan-Americano Sub-20 Absoluto"]
[Site "CXSP, São Paulo"]
[Date "2012.07.02"]
[Round "7.3"]
[White "Principe, Alexander"]
[Black "Zavarce, Oscar Enrique"]
[Result "1-0"]
[WhiteElo "2141"]
[BlackElo "2192"]
[PlyCount "79"]
[EventDate "2012.06.29"]

1. e4 c5 2. Nf3 e6 3. d4 cxd4 4. Nxd4 a6 5. Bd3 Qb6 6. Nb3 Qc7 7. O-O Nf6 8.
Qe2 d6 9. Nc3 Nc6 10. Be3 Be7 11. f4 O-O 12. a4 b6 13. Rae1 Re8 14. h3 Bb7 15.
g4 Nd7 16. g5 Nb4 17. Nd4 Nc5 18. h4 d5 19. e5 Ne4 20. Bxe4 dxe4 21. h5 Bc5 22.
Rd1 Rad8 23. Rf2 Nc6 24. Nxc6 Qxc6 25. Kh2 Rxd1 26. Nxd1 Rd8 27. Kg3 Qxa4 28.
Bxc5 bxc5 29. Ne3 Qa1 30. b3 Qg1+ 31. Kh3 Qh1+ 32. Kg3 Rd4 33. Rf1 Qf3+ 34.
Rxf3 exf3 35. Qe1 Re4 36. c3 h6 37. g6 fxg6 38. hxg6 h5 39. Qd2 h4+ 40. Kg4 1-0